000 00615 a2200181 4500
999 _c5791
_d5791
010 _aENG-87045
020 _a0070660352
_c450.00
035 _aEN-70578, B-225470, B-225477
037 _bDBAD / PUB
082 1 4 _a510
245 1 _aComplete mathematics for All India Engineering Entrance Examination (AIEEE) 2008 /
260 _aNew Delhi
_bTata McGraw-Hill Publishing
_c2008
270 _a7, West Patel Nagar
_bNew Delhi
_e110 008
300 _avarious pagings
_c23 cm (pbk)
490 _aTata McGraw-Hill's Winning Edge series
500 _aIncludes index
942 _adpl
_cEN
_2ddc
_h510
_mCOM